000 00710nam a2200193 i 4500
001 46587
003 ES-MaACL
005 20250903052435.0
007 t|
008 030331s1952 sp ||||1| spa d
111 2 _aCongreso Nacional de Ingeniería Agronómica
_n(1º.
_d1950.
_cMadrid)
_9539
245 1 0 _aI Congreso Nacional de Ingeniería Agronómica
_b: Madrid, 1950.
260 _aMadrid :
_b[s.n.,
_c1952] (
_fTalls. Gráfs. Altamira)
300 _a9 t. :
_bil. ;
_c26 cm.
500 _aPrecede al tít.: Asociación Nacional de Ingenieros Agrónomos.
710 2 _aAsociación Nacional de Ingenieros Agrónomos (España)
_91758
852 _aES-MaACL
_jD-8959-67
999 _c46587
_d46587